000 00446nam a22001697a 4500
005 20180905153114.0
008 160523b xxu||||| |||| 00| 0 eng d
020 _a0-19-566985-1
041 _aeng
082 _b4302
_a658.403
100 _aJaiswal, Mahadeo and Mital, Monka
_94864
245 _aManagement Information Systems
260 _aNew Delhi
_bAcademic Faundation
_c2004
300 _a612p,
650 _aManagement
_9241
942 _cBK
999 _c1451
_d1451